Cargando...

Television and Popular Culture in India: A Study of the Mahabharath

Detalles Bibliográficos
Autor Principal: Ananda Mitra
Formato: Printed Book
Publicado: Sage Publications, New Delhi 1993
LEADER 00366nam a2200109 4500
082
100 |a Ananda Mitra 
245 |a Television and Popular Culture in India: A Study of the Mahabharath  |c Ananda Mitra 
260 |a Sage Publications, New Delhi  |c 1993 
942 |c BK 
999 |c 196351  |d 196351 
952 |0 0  |1 0  |4 0  |7 0  |9 209700  |a DCI  |b DCI  |d 2019-10-29  |l 0  |p DCI2910  |r 2019-10-29  |w 2019-10-29  |y BK